Largest City State Capitals Quiz Stats

 Plays Quiz Updated Nov 15, 2018

Support Sporcle.
Go Orange.
Score 0/17 Timer 05:00
0 Plays Today
% Correct
Colorado
82.6%
Hawaii
82.4%
Massachusetts
81.8%
Arizona
80.8%
Georgia
79%
Indiana
76.2%
Idaho
68.7%
Oklahoma
67.9%
Arkansas
66.7%
% Correct
Rhode Island
64.9%
Utah
63.7%
Iowa
59%
Ohio
51.4%
Mississippi
51.2%
Wyoming
49.1%
West Virginia
43.5%
Tennessee
37.5%

You're not logged in!

Compare scores with friends on all Sporcle quizzes.
OR
Log In
Forgot?

From the Vault

Nine Number Logic Puzzle

by sparkey77

You only need nine numbers, that's not even all of them.
Remove Ads.
Support Sporcle.
Get the best of Sporcle when you Go Orange. This ad-free experience offers more features, more stats, and more fun while also helping to support Sporcle. Thank you for becoming a member.

Show Comments

Extras

Top Quizzes Today


Score Distribution

Your Account Isn't Verified!

In order to create a playlist on Sporcle, you need to verify the email address you used during registration. Go to your Sporcle Settings to finish the process.

Report this User

Report this user for behavior that violates our Community Guidelines.

Details: